01680nab a22002537a 4500003000400000005001700004008004100021040000700062100003300069245023600102260007200338300001300410500003800423505058600461505008901047650002001136650002401156650002501180650001801205650001001223650003001233650002501263773013801288OSt20251230232555.0190605e xxu||||| |||| 00| 0 spa d cPJ aConfalonieri, Juan Angel (h)13aLa proyección de los efectos derogatorios de las sanciones de acciones disvaliosas en el derecho privado. En particular, la aplicación en el tiempo de los artículos 99 y 100 de la ley 27.742 /cJuan Ángel Confalonieri (h.)  aCiudad Autónoma de Buenos Aires :bThomson Reuters La Ley,c2024. ap. 13-25 aCita: TR LALEY AR/DOC/2109/2024  aSumario: I. Introducción.— II. Las reglas del art. 7° del Código Civil y Comercial.— III. Los requisitos para la procedencia de las "indemnizaciones" y de la presunción de temeridad y malicia del empleador en las normas derogadas.— IV. Los argumentos a favor de la aplicación retroactiva —no inmediata— de los arts. 99 y 100 de la ley 27.742.— V. Crítica a la aplicación retroactiva —no inmediata— de los arts. 99 y 100 de la ley 27.742.— VI. Una breve observación a "Correa Baier".— VII. Conclusiones (la casuística).— VIII. Bibliografía.  t¿Te interesa el texto completo? Solicitalo al correo: koha@justierradelfuego.gov.ar 0aDERECHO LABORAL 0aCONTRATO DE TRABAJO 0aRELACIONES LABORALES 0aINDEMNIZACION 0aMULTA 0aRELACIÓN DE DEPENDENCIA 0aEMPLEO NO REGISTRADO0 02711dCiudad Autónoma de Buenos Aires : Thomson Reuters La Ley, 1999-2002.tRevista de derecho del trabajo. Nº 5 - Septiembre 2024